1062 1807 1822 1147 1504 1396 1765 1413 1103 1310 1076 1627 1047 1213 1687 1872 1524 1133 1687 1509 1334 1731 1328 1173 1477 1407 1750 1009 1521 1357 1670 1957 1908 1539 1371 1784 1955 1806 1658 1713 1463 1689 1153 1008 1921 1883 1595 1785 1930 1096 1372 1007 1396 1608 1793 1188 1441 1467 1576 1269 1842 1086 1991 1940 1194 1221 1917 1893 1041 1366 1822 1089 1432 1857 1031 1504 1277 1310 1460 1187 1285 1220 1637 1515 1613 1513 1437 1697 1157 1877 1679 1062 1971 1222 1622 1085 1819 1110 1418 BCNSPRNW ULIB Ver.6.0+V

เปลี่ยนเป็นภาษาไทย

Change to English
 แสดงรายละเอียดบรรณานุกรม
  กลับหน้าหลัก

Brief Record : Get Marc (ISO 2709) : E-mail record : QR code < ปิดหน้าต่าง
LEADER : 00000nam 2200000uu 4500
001    13399128677
003     ULIB
008    230928s||||||||th 000 0 tha d
020    ^a8856652048363
060    ^aWS440^bป541น
100    ^aป้านกใหญ่
245    ^aนิทานสร้างลักษณะนิสัย มีบทเรียนสอนใจ ให้เด็ก ๆ เห็นโทษของการไม่เชื่อผู้ใหญ่ นิทานเสริมสร้างพัฒนาการเพื่อลูกน้อย กระต่ายน้อยจอมเกเร : The Unruly Little Rabbit
250    ^aพิมพ์ครั้งที่ 1
260    ^aกรุงเทพฯ :^bบริษัท วรรณาพับลิชชิ่ง จำกัด,^cม.ป.ป.
300    ^a24 หน้า;^c19 ซม.
650    ^aนิทานเด็ก
945    ^p50^l0^i30050
999    ^aกัณชพร ุจุลอักษร
รายการนี้ยังไม่มีแท็ก
คุณยังไม่ได้ล็อกอิน คุณสามารถมีกิจกรรมร่วมกับเว็บไซต์ได้ แต่ต้องล็อกอินก่อน ::
  ล็อกอิน

รายการสื่อสารสนเทศ

ลำดับที่ ประเภท เลขเรียก/บาร์โค้ด สถานที่ สถานะ
1. วิทยาศาสตร์การแพทย์ และสุขภาพ
วิทยาศาสตร์การแพทย์ และสุขภาพ
WS440 ป541น ฉ.1 
  Barcode: 30050
ห้องสมุดวิทยาเขตนครสวรรค์
►หนังสือทั่วไป:l:General Books
บนชั้น

รายการใกล้เคียง
    ชื่อเรื่อง [นิทานสร้างลักษณะนิสัย มีบทเรียนสอนใจ ให้เด็ก ๆ เห็นโทษของการไม่เชื่อผู้ใหญ่ นิทานเสริมสร้างพัฒนาการเพื่อลูกน้อย กระต่ายน้อยจอมเกเร : The Unruly Little Rabbit]

    ผู้แต่ง [ป้านกใหญ่]

    หัวเรื่อง [นิทานเด็ก]

BibComment


ยังไม่เคยถูกคอมเมนท์

คอมเมนท์ทรัพยากรรายการนี้
  คอมเมนท์: นิทานสร้างลักษณะ..


 Copyright 2026. Bcnsprnw @Library